000 00832nam a22001937a 4500
999 _c11165
_d11165
003 AR-CdUCM
008 190401b ||||| |||| 00| 0 spa d
040 _aMUNICIPALIDAD PROVINCIAL DEL CUSCO
_cBIBLIOTECA MUNICIPAL DEL CUSCO
082 _aSE / 300 /
_bB38
100 _aBenavides Estrada, J. Augusto
_927805
245 _aCiencias histórico-sociales :
_bQuinto grado de primaria /
260 _aLima :
_bEscuela nueva,
300 _a438 paginas ;
_c23 cm.
505 _aContenido :El hombre en América -- El descubrimiento de américa -- Características del medio geográfico y los recursos de la localidad -- Relación del Perú con los demás países -- Convivencia en sociedad en búsqueda de la paz ...
650 _aCiencias sociales
_91096
650 _aHistoria del Perú
_9259
942 _2ddc
_cLIBROS
945 _arum